Plants that belong to rose family (Rosaceae) - sudden death - Statistics

General Stats
  • This quiz has been taken 48 times
    46 since last reset
  • The average score is 6 of 17
Answers on the Grid
Answers color-coded by a green-red scale on the quiz's grid according to % correct below.
Apple
Blackberry
Blueberry
Plum
Fig
Raspberry
Dogwood
Dog rose
Rosemary
Loquat
Orange
Rowan
Almond
Chestnut
Pear
Peach
Red firethorn
Lingonberry
Begonia
Sour cherry
Common hawthorn
Apricot
Dahlia
Quince
Mango
Strawberry
Cranberry
Sweet cherry
 
Answer Stats
Answer % Correct
Apple
85%
Blackberry
52%
Dog rose
44%
Plum
44%
Raspberry
44%
Peach
37%
Apricot
33%
Pear
33%
Quince
33%
Sweet cherry
33%
Sour cherry
30%
Almond
26%
Red firethorn
26%
Common hawthorn
22%
Strawberry
22%
Rowan
11%
Loquat
7%
No matching quizzes found
Score Distribution
Percent of People with Each Score
Percentile by Number Answered
Your Score History
You have not taken this quiz since the last reset